| 000 | 00466nam a22001817a 4500 | ||
|---|---|---|---|
| 999 |
_c525524 _d525524 |
||
| 003 | NUST | ||
| 005 | 20190702145243.0 | ||
| 020 | _c(Hbk) | ||
| 038 | _aM. Shaban | ||
| 082 |
_a891.4911 _bSHA |
||
| 100 |
_aShah, Saad Ullah _916422 |
||
| 245 |
_aDhaldai manzar / _cSaad Ullah Shah |
||
| 260 |
_aLahore : _bOrient publishers, _c1990. |
||
| 300 | _a96 p. ; | ||
| 880 |
_6100-01\r _aسعداللہ شاہ |
||
| 880 |
_6245-02\r _aڈھلدےمنظر / |
||
| 942 |
_2ddc _cBK |
||